[Event "Maria Albulet Memorial 2017"]
[Site "Braila"]
[Date "2017.10.09"]
[Round "3"]
[White "Popa, Catalina-Elena"]
[Black "Coman, Ana-Cristina"]
[Result "1-0"]
[WhiteElo "1731"]
[BlackElo "1454"]
[Annotator "NA"]
[PlyCount "81"]
[EventDate "2017.??.??"]
[EventCountry "ROU"]
[SourceTitle "playchess.com"]
[Source "ChessBase"]
[SourceQuality "1"]
[TimeControl "40/5400+30:900+30"]

1. e4 {[%emt 0:00:00]} e5 {[%emt 0:00:03]} 2. f4 {[%emt 0:00:00]} d5 {[%emt 0:00:11]} 3. exd5 {[%emt 0:00:00]} exf4 {[%emt 0:00:05]} 4. Bc4 {[%emt 0:00:00]} Nf6 {[%emt 0:01:01]} 5. Nc3 {[%emt 0:00:00]} Bd6 {[%emt 0:00:53]} 6. Nf3 {[%emt 0:00:53]} O-O {[%emt 0:01:35]} 7. O-O {[%emt 0:00:19]} Bg4 {[%emt 0:01:57]} 8. d4 {[%emt 0:01:32]} Re8 {[%emt 0:06:54]} 9. Qd3 {[%emt 0:05:19]} h6 {[%emt 0:02:46]} 10. Nb5 {[%emt 0:01:54]} a6 {[%emt 0:02:50]} 11. Nxd6 {[%emt 0:00:21]} Qxd6 {[%emt 0:00:13]} 12. Ne5 {[%emt 0:00:59]} Rxe5 {[%emt 0:26:40]} 13. dxe5 {[%emt 0:00:07]} Qb6+ {[%emt 0:00:08]} 14. Kh1 {[%emt 0:02:09]} Nfd7 {[%emt 0:03:13]} 15. Bxf4 {[%emt 0:00:57]} Nc5 {[%emt 0:00:59]} 16. Qg3 {[%emt 0:02:33]} h5 {[%emt 0:01:03]} 17. Be3 {[%emt 0:03:28]} Ne4 {[%emt 0:06:42]} 18. Qf4 {[%emt 0:00:23]} Qg6 {[%emt 0:00:13]} 19. Bd3 {[%emt 0:00:53]} Bf5 {[%emt 0:03:38]} 20. Qxf5 {[%emt 0:00:14]} Qxf5 {[%emt 0:00:09]} 21. Rxf5 {[%emt 0:00:02]} g6 {[%emt 0:00:10]} 22. Rf3 {[%emt 0:00:36]} Nd7 {[%emt 0:00:50]} 23. Bxe4 {[%emt 0:00:11]} Nxe5 {[%emt 0:00:04]} 24. Rff1 {[%emt 0:01:33]} Nc4 {[%emt 0:00:23]} 25. Bd4 {[%emt 0:00:33]} Nd2 {[%emt 0:00:22]} 26. Rfe1 {[%emt 0:00:07]} Re8 {[%emt 0:00:08]} 27. Bd3 {[%emt 0:00:27]} Rd8 {[%emt 0:01:01]} 28. Bc3 {[%emt 0:00:09]} Rxd5 {[%emt 0:00:07]} 29. Bxd2 {[%emt 0:00:04]} Rd8 {[%emt 0:00:13]} 30. Re7 {[%emt 0:00:11]} c5 {[%emt 0:00:10]} 31. Bc3 {[%emt 0:00:52]} b5 {[%emt 0:00:05]} 32. b3 {[%emt 0:00:19]} b4 {[%emt 0:00:17]} 33. Bb2 {[%emt 0:00:05]} Kf8 {[%emt 0:00:08]} 34. Ra7 {[%emt 0:00:32]} a5 {[%emt 0:00:18]} 35. Rf1 {[%emt 0:00:04]} f5 {[%emt 0:00:29]} 36. Bg7+ {[%emt 0:00:44]} Kg8 {[%emt 0:00:18]} 37. Bc4+ {[%emt 0:00:06]} Kh7 {[%emt 0:00:03]} 38. Bf6+ {[%emt 0:00:09]} Kh6 {[%emt 0:00:16]} 39. h4 {[%emt 0:00:45]} g5 {[%emt 0:00:10]} 40. hxg5+ {[%emt 0:00:00]} Kg6 {[%emt 0:00:06]} 41. Rg7# {[%emt 0:00:46] Kxg5 Rxg5} 1-0

[Event "Maria Albulet Memorial 2017"]
[Site "Braila"]
[Date "2017.10.09"]
[Round "3"]
[White "Patru, Alexandra-Ioana"]
[Black "Aciu, Malina-Andreea"]
[Result "0-1"]
[WhiteElo "1623"]
[BlackElo "2006"]
[Annotator "NA"]
[PlyCount "62"]
[EventDate "2017.??.??"]
[EventCountry "ROU"]
[SourceTitle "playchess.com"]
[Source "ChessBase"]
[SourceQuality "1"]
[TimeControl "40/5400+30:900+30"]

1. d4 {[%emt 0:00:00]} Nf6 {[%emt 0:00:05]} 2. Nf3 {[%emt 0:00:00]} c5 {[%emt 0:00:05]} 3. e3 {[%emt 0:00:00]} e6 {[%emt 0:00:04]} 4. Nbd2 {[%emt 0:00:00]} d5 {[%emt 0:00:15]} 5. b3 {[%emt 0:00:06]} Bd6 {[%emt 0:00:38]} 6. Bb2 {[%emt 0:00:13]} O-O {[%emt 0:02:23]} 7. Bd3 Nc6 8. a3 {[%emt 0:01:17]} Re8 {[%emt 0:03:10]} 9. Ne5 {[%emt 0:09:55]} h6 {[%emt 0:18:27]} 10. O-O {[%emt 0:03:51]} Nd7 {[%emt 0:02:18]} 11. f4 {[%emt 0:02:33]} Ndxe5 {[%emt 0:26:49]} 12. dxe5 {[%emt 0:01:21]} Bc7 {[%emt 0:01:01]} 13. Kh1 {[%emt 0:08:17]} a6 {[%emt 0:02:03]} 14. c4 {[%emt 0:01:53]} Qe7 {[%emt 0:03:10]} 15. Qe2 {[%emt 0:08:01]} b6 {[%emt 0:02:09]} 16. Rf3 {[%emt 0:04:11]} Bb7 {[%emt 0:09:04]} 17. Rg3 {[%emt 0:01:13]} Rad8 {[%emt 0:05:20]} 18. Qg4 {[%emt 0:02:25]} Qf8 {[%emt 0:00:27]} 19. Nf3 {[%emt 0:00:36]} dxc4 {[%emt 0:01:36]} 20. Bxc4 {[%emt 0:00:45]} Na5 {[%emt 0:01:21]} 21. f5 {[%emt 0:01:50]} exf5 {[%emt 0:02:19]} 22. Qxf5 {[%emt 0:00:55]} Nxc4 {[%emt 0:00:28]} 23. bxc4 {[%emt 0:00:22]} Re6 {[%emt 0:01:02]} 24. Rf1 {[%emt 0:01:32]} Rde8 {[%emt 0:01:49]} 25. e4 {[%emt 0:00:38]} Rd8 {[%emt 0:01:54]} 26. Nh4 {[%emt 0:01:01]} Rd2 {[%emt 0:01:39]} 27. Bc3 {[%emt 0:00:52]} Rd8 {[%emt 0:02:19]} 28. Ng6 {[%emt 0:01:24]} Rxg6 {[%emt 0:01:23]} 29. Rxg6 {[%emt 0:00:12]} fxg6 {[%emt 0:00:02]} 30. Qe6+ {[%emt 0:00:38]} Kh7 {[%emt 0:00:07]} 31. Rxf8 {[%emt 0:00:13]} Rd1+ {[%emt 0:00:12]} 0-1

[Event "Maria Albulet Memorial 2017"]
[Site "Braila"]
[Date "2017.10.09"]
[Round "3"]
[White "Andres, Marina-Corina"]
[Black "Uzuneanu, Gabriela"]
[Result "0-1"]
[WhiteElo "1581"]
[BlackElo "1564"]
[Annotator "NA"]
[PlyCount "98"]
[EventDate "2017.??.??"]
[EventCountry "ROU"]
[SourceTitle "playchess.com"]
[Source "ChessBase"]
[SourceQuality "1"]
[TimeControl "40/5400+30:900+30"]

1. e4 {[%emt 0:00:00]} e5 {[%emt 0:00:05]} 2. Nf3 {[%emt 0:00:00]} Nf6 {[%emt 0:00:08]} 3. d4 {[%emt 0:00:01]} exd4 {[%emt 0:11:23]} 4. e5 {[%emt 0:00:30]} Nd5 {[%emt 0:00:54]} 5. Qxd4 {[%emt 0:03:46]} Nb4 {[%emt 0:09:54]} 6. Qd1 {[%emt 0:04:23]} Be7 {[%emt 0:05:18]} 7. c3 {[%emt 0:03:28]} N4c6 {[%emt 0:00:29]} 8. Bd3 {[%emt 0:00:43]} d6 {[%emt 0:04:42]} 9. exd6 {[%emt 0:02:35]} Bxd6 {[%emt 0:00:31]} 10. O-O {[%emt 0:01:34]} O-O {[%emt 0:01:28]} 11. Re1 {[%emt 0:01:48]} h6 {[%emt 0:06:39]} 12. Be3 {[%emt 0:02:54]} Nd7 {[%emt 0:00:15]} 13. Nbd2 {[%emt 0:04:01]} Nde5 {[%emt 0:05:45]} 14. Nxe5 {[%emt 0:02:54]} Nxe5 {[%emt 0:00:06]} 15. Be2 {[%emt 0:05:46]} Bf5 {[%emt 0:04:09]} 16. Nc4 {[%emt 0:04:04]} Nxc4 {[%emt 0:00:36]} 17. Bxc4 {[%emt 0:00:14]} Qh4 {[%emt 0:00:16]} 18. Qf3 {[%emt 0:12:12]} Bg4 {[%emt 0:04:06]} 19. g3 {[%emt 0:05:49]} Qxh2+ {[%emt 0:00:13]} 20. Kxh2 {[%emt 0:00:25]} Bxf3 {[%emt 0:00:03]} 21. Bf1 {[%emt 0:03:05]} a6 {[%emt 0:01:50]} 22. Bg2 {[%emt 0:00:47]} Bxg2 {[%emt 0:00:20]} 23. Kxg2 {[%emt 0:00:06]} Rfe8 {[%emt 0:00:03]} 24. Rad1 {[%emt 0:06:23]} Re6 {[%emt 0:01:15]} 25. Rd3 {[%emt 0:02:57]} Rae8 {[%emt 0:00:09]} 26. Red1 {[%emt 0:00:37]} Re4 {[%emt 0:04:00]} 27. Rd4 {[%emt 0:05:10]} Rxd4 {[%emt 0:00:59]} 28. Rxd4 {[%emt 0:00:46]} Bc5 {[%emt 0:00:33]} 29. Rd3 {[%emt 0:03:25]} Bxe3 {[%emt 0:01:37]} 30. fxe3 {[%emt 0:00:14]} Re7 {[%emt 0:00:10]} 31. Rd8+ {[%emt 0:00:41]} Kh7 {[%emt 0:00:04]} 32. Kf3 {[%emt 0:00:32]} Kg6 {[%emt 0:00:07]} 33. Rb8 {[%emt 0:02:53]} b6 {[%emt 0:00:04]} 34. Ra8 {[%emt 0:01:29]} a5 {[%emt 0:00:04]} 35. b4 {[%emt 0:04:40]} Re5 {[%emt 0:07:44]} 36. Ra7 {[%emt 0:01:49]} axb4 {[%emt 0:01:53]} 37. cxb4 {[%emt 0:01:35]} Rb5 {[%emt 0:00:16]} 38. a3 {[%emt 0:02:02]} c5 {[%emt 0:00:37]} 39. bxc5 {[%emt 0:00:48]} Rxc5 {[%emt 0:00:04]} 40. Ra6 {[%emt 0:00:00]} Rf5+ {[%emt 0:00:12]} 41. Ke4 {[%emt 0:04:11]} Rf6 {[%emt 0:00:05]} 42. Kd4 {[%emt 0:02:07]} Kg5 {[%emt 0:00:06]} 43. Kc4 {[%emt 0:02:05]} Kg4 {[%emt 0:00:03]} 44. Kb5 {[%emt 0:00:17]} Kxg3 {[%emt 0:00:04]} 45. Rxb6 {[%emt 0:00:44]} Rxb6+ {[%emt 0:00:04]} 46. Kxb6 {[%emt 0:00:05]} h5 {[%emt 0:00:01]} 47. a4 {[%emt 0:00:06]} h4 {[%emt 0:00:03]} 48. a5 {[%emt 0:00:05]} h3 {[%emt 0:00:02]} 49. a6 {[%emt 0:00:05]} h2 {[%emt 0:00:02]} 0-1

[Event "Maria Albulet Memorial 2017"]
[Site "Braila"]
[Date "2017.10.09"]
[Round "3"]
[White "Vorniceanu, Alina"]
[Black "Babiy, Olga"]
[Result "0-1"]
[WhiteElo "1498"]
[BlackElo "2317"]
[Annotator "NA"]
[PlyCount "114"]
[EventDate "2017.??.??"]
[EventCountry "ROU"]
[SourceTitle "playchess.com"]
[Source "ChessBase"]
[SourceQuality "1"]
[TimeControl "40/5400+30:900+30"]

1. e4 {[%emt 0:00:00]} c5 {[%emt 0:00:09]} 2. Nc3 {[%emt 0:00:00]} e6 {[%emt 0:00:32]} 3. g3 {[%emt 0:00:09]} a6 {[%emt 0:00:19]} 4. Bg2 {[%emt 0:00:06]} b5 {[%emt 0:00:06]} 5. f4 {[%emt 0:00:10]} Bb7 {[%emt 0:00:13]} 6. d3 {[%emt 0:00:16]} b4 {[%emt 0:00:23] B23: Closed Sicilian: Lines without g3} (6... Nf6 7. Nf3 b4 8. Ne2 Nc6 9. O-O Be7 10. h3 d5 11. e5 Nd7 12. Be3 O-O 13. g4 d4 14. Bd2 f6 15. exf6 Nxf6 {½-½ (29) Jakubowski,K (2562)-Kempinski,R (2647) Poland 2015}) 7. Nce2 {[%emt 0:00:14]} d5 {[%emt 0:00:13]} 8. e5 {[%emt 0:00:32]} h5 {[%emt 0:00:42] LiveBook: 4 Games} 9. Nf3 {[%emt 0:01:03]} Nc6 {[%emt 0:00:16]} 10. O-O {[%emt 0:00:47]} Nh6 {[%emt 0:00:35]} 11. Be3 {[%emt 0:01:15]} Ng4 {[%emt 0:00:51]} 12. Bf2 {[%emt 0:00:33]} Be7 $146 {[%emt 0:01:00]} ({Predecessor:} 12... Nxf2 13. Rxf2 Ne7 14. c3 {0-1 (60) Perez,F (2260)-Flear,C (2149) France 2010}) 13. h3 {[%emt 0:00:50]} Nxf2 {[%emt 0:00:08]} 14. Rxf2 {[%emt 0:00:10]} g5 {[%emt 0:00:47]} 15. Qd2 {[%emt 0:02:53]} g4 {[%emt 0:01:48]} 16. Nh2 {[%emt 0:00:51]} f5 {[%emt 0:02:16]} (16... gxh3 $15 17. Bxh3 h4) 17. exf6 {[%emt 0:04:49]} Bxf6 {[%emt 0:00:18]} 18. c3 {[%emt 0:01:26]} Rg8 {[%emt 0:02:35]} 19. Qe3 {[%emt 0:01:43]} Qd6 {[%emt 0:03:27]} (19... Qe7 $11) 20. f5 {[%emt 0:03:27]} e5 {[%emt 0:01:28]} 21. Qh6 {[%emt 0:23:17]} (21. h4 $15) 21... Rh8 {[%emt 0:03:02]} 22. Qe3 {[%emt 0:02:44]} gxh3 {[%emt 0:01:43]} 23. Bxh3 {[%emt 0:00:47] [#]} O-O-O $1 {[%emt 0:00:46]} 24. cxb4 {[%emt 0:00:39]} cxb4 {[%emt 0:00:10]} 25. Rc1 {[%emt 0:02:01]} Kb8 {[%emt 0:00:32]} 26. Qb6 {[%emt 0:02:41]} e4 {[%emt 0:02:38]} 27. dxe4 {[%emt 0:06:08]} dxe4 {[%emt 0:00:19]} 28. Nf1 {[%emt 0:03:29]} Ne5 {[%emt 0:03:27]} 29. Qxd6+ {[%emt 0:02:07]} Rxd6 {[%emt 0:00:04]} 30. Rb1 {[%emt 0:04:32]} e3 {[%emt 0:02:36]} 31. Nxe3 {[%emt 0:02:24]} Nf3+ {[%emt 0:00:18]} 32. Kf1 {[%emt 0:01:07]} Nd2+ {[%emt 0:00:10]} 33. Ke1 $19 {[%emt 0:00:16]} Nxb1 {[%emt 0:00:09]} 34. Nc4 {[%emt 0:00:45]} Rd7 {[%emt 0:00:25]} 35. Nf4 {[%emt 0:02:29]} Bd4 {[%emt 0:01:17]} 36. Re2 {[%emt 0:01:39]} Bf3 {[%emt 0:00:14]} 37. Re6 {[%emt 0:01:05]} Bc5 {[%emt 0:00:13]} 38. Ne3 {[%emt 0:00:58]} Bg4 {[%emt 0:01:23]} 39. Re5 {[%emt 0:03:32]} Bxe3 {[%emt 0:01:18]} 40. Rxe3 {[%emt 0:00:00]} Rd1+ {[%emt 0:00:19]} 41. Kf2 {[%emt 0:01:05]} Rd2+ {[%emt 0:00:06]} 42. Ke1 {[%emt 0:00:50]} Rc8 {[%emt 0:00:20]} 43. Nd3 {[%emt 0:00:40]} Bxh3 {[%emt 0:00:15]} 44. f6 {[%emt 0:00:32]} Rf8 {[%emt 0:00:45]} 45. Nf2 {[%emt 0:01:38]} Rxf6 {[%emt 0:01:02]} 46. Re2 {[%emt 0:00:53]} Rxe2+ {[%emt 0:00:10]} 47. Kxe2 {[%emt 0:00:03]} Bg4+ {[%emt 0:00:08]} 48. Ke3 {[%emt 0:00:14]} Rf3+ {[%emt 0:00:05]} 49. Ke2 {[%emt 0:00:25]} Rxg3+ {[%emt 0:00:08]} 50. Kf1 {[%emt 0:00:09]} h4 {[%emt 0:00:18]} 51. Nxg4 {[%emt 0:00:09]} Rxg4 {[%emt 0:00:05]} 52. Ke2 {[%emt 0:00:13]} h3 {[%emt 0:00:07]} 53. Kd1 {[%emt 0:00:10]} h2 {[%emt 0:00:06]} 54. Ke2 {[%emt 0:00:12]} h1=Q {[%emt 0:00:08]} 55. Ke3 {[%emt 0:00:05]} Qe4+ {[%emt 0:00:08]} 56. Kf2 {[%emt 0:00:06]} Rg2+ {[%emt 0:00:06]} 57. Kf1 {[%emt 0:00:07]} Qe2# 0-1

[Event "Maria Albulet Memorial 2017"]
[Site "Braila"]
[Date "2017.10.10"]
[Round "5"]
[White "Bulmaga, Irina"]
[Black "Nastase, Andreea-Cristina"]
[Result "1-0"]
[WhiteElo "2423"]
[BlackElo "1989"]
[Annotator "TA"]
[PlyCount "61"]
[EventDate "2017.??.??"]
[EventCountry "ROU"]
[SourceTitle "playchess.com"]
[Source "ChessBase"]
[SourceQuality "1"]

{[%evp 15,61,17,8,-9,-6,-20,-18,-19,-33,-17,-12,-25,-34,-34,-11,-14,0,-22,0,0,111,114,111,107,118,64,70,80,130,26,60,50,70,72,72,44,135,146,149,111,179,163,784,760,1524,1524,1312,603]} 1. e4 e6 2. d4 d5 3. Nc3 Bb4 4. Nge2 dxe4 5. a3 Be7 6. Nxe4 Nf6 7. Qd3 Nbd7 8. Nxf6+ {C15: French: 3 Nc3 Bb4: Unusual White 4th moves} (8. Bf4 b6 9. Nxf6+ Nxf6 10. Qg3 c5 11. O-O-O Qd5 12. Nc3 Qf5 13. Bd3 Nh5 14. Bxf5 Nxg3 15. hxg3 exf5 16. Rhe1 cxd4 17. Nd5 Be6 18. Nc7+ Kd7 19. Rxd4+ Kc6 20. Nxe6 Bf6 21. Rd6+ Kb7 22. Rd7+ {1-0 (22) Ponkratov,P (2610)-Savchenko,B (2556) St Petersburg 2015}) 8... Nxf6 {LiveBook: 5 Games} 9. Be3 b6 10. O-O-O {The position is equal.} Bb7 11. Nc3 $146 ({Predecessor:} 11. Nf4 O-O 12. Be2 Rc8 13. Rhg1 Qe8 14. g4 c5 15. g5 {1-0 (25) Lopez Hernandez,C-Sequera Paolini,J Havana 1990}) 11... O-O 12. Rg1 Ng4 13. Be2 {[%cal Bf1e2,Be2f3,Bf3d5][%mdl 32]} Nxe3 14. fxe3 c5 15. Bf3 Qc8 16. Kb1 Rd8 17. d5 Bxd5 (17... Rb8 $11 {keeps the balance.}) 18. Nxd5 $16 exd5 19. Bxd5 Rb8 20. Qc4 (20. Rdf1 $16 Bf6 21. g4) 20... Rf8 21. Rgf1 {[%cal Rf1f7]} Bf6 {[#]} 22. Qf4 (22. Rxf6 $1 $16 {[%mdl 512]} gxf6 23. Qh4) 22... b5 23. g4 {[%cal Bg2g4,Bg4g5][%mdl 32] g5 is the strong threat.} Qe8 24. g5 Be5 25. Qe4 {Threatens to win with g6.} b4 ({Better is} 25... g6 $14) 26. a4 Bc7 27. Qc4 Qxe3 {[#]} (27... Kh8 $16 {was worth a try.}) 28. g6 $1 $18 {[%cal Rf1f7]} hxg6 $2 (28... Kh8) 29. Bxf7+ {White is clearly winning.} Kh7 30. Rd3 Qh6 31. Rff3 {Precision: White = 40%, Black = 31%.} (31. Qe6 $142) 1-0

[Event "Maria Albulet Memorial 2017"]
[Site "Braila"]
[Date "2017.10.10"]
[Round "5"]
[White "Petrenko, Svetlana"]
[Black "Uzuneanu, Gabriela"]
[Result "1-0"]
[WhiteElo "2140"]
[BlackElo "1564"]
[Annotator "NA"]
[PlyCount "57"]
[EventDate "2017.??.??"]
[EventCountry "ROU"]
[SourceTitle "playchess.com"]
[Source "ChessBase"]
[SourceQuality "1"]
[TimeControl "40/5400+30:900+30"]

1. d4 {[%emt 0:00:00]} c5 {[%emt 0:00:06]} 2. d5 {[%emt 0:00:00]} b5 {[%emt 0:00:03]} 3. e4 {[%emt 0:00:04]} a6 {[%emt 0:00:04]} 4. a4 {[%emt 0:00:59]} b4 {[%emt 0:00:03]} 5. a5 {[%emt 0:00:37]} d6 {[%emt 0:00:29]} 6. Bc4 {[%emt 0:04:19]} g6 {[%emt 0:00:13]} 7. f4 {[%emt 0:04:50]} Bg7 {[%emt 0:01:52]} 8. Nf3 {[%emt 0:00:14]} Nd7 $16 {[%emt 0:07:57]} 9. Qe2 {[%emt 0:04:15]} f6 {[%emt 0:04:39]} 10. b3 {[%emt 0:06:58]} Qc7 {[%emt 0:04:43]} 11. Bb2 {[%emt 0:00:32]} Nh6 {[%emt 0:05:33]} 12. O-O {[%emt 0:11:56]} Nf7 {[%emt 0:09:19]} 13. Nbd2 {[%emt 0:04:58]} O-O {[%emt 0:06:25]} 14. h4 {[%emt 0:07:01]} Kh8 {[%emt 0:12:22]} 15. g4 {[%emt 0:04:07]} Nd8 {[%emt 0:03:43]} 16. Nh2 {[%emt 0:11:30]} Nb8 {[%emt 0:08:34]} 17. e5 {[%emt 0:09:35]} dxe5 {[%emt 0:14:55]} 18. fxe5 {[%emt 0:00:09]} f5 {[%emt 0:00:09]} 19. g5 {[%emt 0:04:29]} Nd7 {[%emt 0:03:56]} 20. Ndf3 {[%emt 0:02:06]} Nf7 {[%emt 0:08:22]} 21. Rfe1 {[%emt 0:00:19]} h6 {[%emt 0:00:59]} 22. gxh6 {[%emt 0:06:55]} Nxh6 {[%emt 0:00:08]} 23. Ng5 {[%emt 0:00:17]} Nb8 {[%emt 0:01:34]} 24. h5 {[%emt 0:00:39]} gxh5 {[%emt 0:02:00]} 25. Qxh5 {[%emt 0:00:20]} Ra7 {[%emt 0:01:37]} 26. e6 {[%emt 0:04:43]} Qg3+ {[%emt 0:01:22]} 27. Kh1 {[%emt 0:00:12]} Bb7 {[%emt 0:02:11]} 28. Qxh6+ {[%emt 0:00:25]} Kg8 {[%emt 0:00:06]} 29. Qxg7# {[%emt 0:00:13]} 1-0

[Event "Maria Albulet Memorial 2017"]
[Site "Braila"]
[Date "2017.10.10"]
[Round "5"]
[White "Miladinovic, Lena"]
[Black "Doluhanova, Evgeniya"]
[Result "1/2-1/2"]
[WhiteElo "2138"]
[BlackElo "2328"]
[Annotator "NA"]
[PlyCount "92"]
[EventDate "2017.??.??"]
[EventCountry "ROU"]
[SourceTitle "playchess.com"]
[Source "ChessBase"]
[SourceQuality "1"]
[TimeControl "40/5400+30:900+30"]

{[%evp 12,92,10,14,32767,4,32767,32767,0,0,32767,32767,32767,32767,32767,32767,32767,32767,32767,32767,32767,32767,32767,32767,32767,32767,32767,32767,32767,32767,32767,32767,32767,32767,32767,32767,32767,32767,-18,32767,-52,32767,32767,-56,32767,-60,-31,-37,0,-7,0,0,0,-7,-14,-20,0,0,0,0,0,0,0,0,0,0,0,0,8,0,0,4,8,0,0,0,0,0,32767,0,0,0,0]} 1. c4 {[%emt 0:00:00]} Nf6 {[%emt 0:00:13]} 2. Nc3 {[%emt 0:00:00]} e6 {[%emt 0:00:22]} 3. Nf3 {[%emt 0:00:00]} d5 {[%emt 0:00:22]} 4. d4 {[%emt 0:00:00]} Bb4 {[%emt 0:01:51]} 5. e3 {[%emt 0:00:00]} O-O {[%emt 0:02:47]} 6. Bd3 {[%emt 0:00:08]} c5 {[%emt 0:05:09]} 7. O-O {[%emt 0:01:12]} cxd4 {[%emt 0:01:40]} 8. exd4 {[%emt 0:00:18]} dxc4 {[%emt 0:00:20]} 9. Bxc4 {[%emt 0:00:07]} b6 {[%emt 0:01:01]} 10. a3 {[%emt 0:07:15]} Bxc3 {[%emt 0:11:32]} 11. bxc3 {[%emt 0:00:09]} Bb7 {[%emt 0:00:21] E54: Nimzo-Indian: Rubinstein: Main Line: 7...dxc4 8 Bxc4} 12. Re1 {[%emt 0:16:50]} Qc7 {[%emt 0:09:40]} 13. Ne5 {[%emt 0:08:29]} (13. Bd3 Qxc3 14. Bg5 Nbd7 15. Re3 Qc6 16. Rc1 Qd5 17. Rb1 Rac8 18. Rb5 Qc6 {0-1 (26) Aagaard,J (2522)-Akopian,V (2681) Porto Carras 2011}) 13... Nbd7 {[%emt 0:03:01]} 14. Bd3 {[%emt 0:09:34]} Nxe5 {[%emt 0:04:10]} 15. dxe5 $146 {[%emt 0:11:39]} ({Predecessor:} 15. Rxe5 Qc6 16. Rg5 Qxc3 17. Rb1 Rac8 18. Bb2 Qc7 19. d5 Qf4 20. h4 h6 21. g3 {1-0 (21) Kobese,W (2396)-Paschall,W (2330) Budapest 2008}) 15... Qc6 {[%emt 0:00:43]} 16. Bf1 {[%emt 0:09:12]} Rfd8 {[%emt 0:03:27]} 17. Qe2 {[%emt 0:04:10]} Ne4 {[%emt 0:04:30]} 18. c4 {[%emt 0:04:45]} Qc5 {[%emt 0:18:00]} 19. Bf4 {[%emt 0:01:42]} Rd7 {[%emt 0:12:40]} 20. Qc2 {[%emt 0:03:11]} Qc6 {[%emt 0:04:38]} 21. Rad1 {[%emt 0:03:53]} Rad8 {[%emt 0:02:48]} 22. Rxd7 {[%emt 0:00:45]} Rxd7 {[%emt 0:00:05]} 23. Rd1 {[%emt 0:01:52]} h6 {[%emt 0:05:14]} 24. Re1 {[%emt 0:05:03]} Nc5 {[%emt 0:02:04]} 25. Re3 {[%emt 0:01:02]} Qa4 {[%emt 0:00:25]} 26. Qxa4 {[%emt 0:07:07]} Nxa4 {[%emt 0:00:04]} 27. Re1 {[%emt 0:01:14]} Ba6 {[%emt 0:01:48]} 28. f3 {[%emt 0:02:58]} Nc5 {[%emt 0:04:49]} 29. Be3 {[%emt 0:01:19]} Rc7 {[%emt 0:00:28]} 30. Rd1 {[%emt 0:00:29]} Nd7 {[%emt 0:00:35]} 31. f4 {[%emt 0:00:11]} Kf8 {[%emt 0:00:27]} 32. c5 {[%emt 0:00:38]} Bxf1 {[%emt 0:00:11]} 33. cxb6 {[%emt 0:00:08]} axb6 {[%emt 0:00:47]} 34. Kxf1 {[%emt 0:00:16]} Ke8 {[%emt 0:00:25]} 35. Ke2 {[%emt 0:00:30]} Ra7 {[%emt 0:00:44]} 36. Rb1 {[%emt 0:01:08]} Rxa3 {[%emt 0:00:28]} 37. Bxb6 {[%emt 0:00:11]} Nxb6 {[%emt 0:00:34]} 38. Rxb6 {[%emt 0:00:03]} g5 {[%emt 0:00:24]} 39. fxg5 {[%emt 0:00:48]} Ra5 {[%emt 0:00:39]} 40. Rb8+ {[%emt 0:00:00]} Ke7 {[%emt 0:00:04]} 41. gxh6 {[%emt 0:08:03]} Rxe5+ {[%emt 0:00:05]} 42. Kf3 {[%emt 0:00:07]} Rh5 {[%emt 0:00:19]} 43. Rh8 {[%emt 0:03:44]} Rxh2 {[%emt 0:02:43]} 44. g4 {[%emt 0:00:55]} f6 {[%emt 0:07:38]} 45. Kg3 {[%emt 0:01:42]} Rh1 {[%emt 0:00:09]} 46. Kg2 {[%emt 0:01:06]} Rh4 $11 {[%emt 0:00:04]} 1/2-1/2